| 000 | 00802 a2200217 4500 | ||
|---|---|---|---|
| 999 |
_c7989 _d7989 |
||
| 010 | _aENG-88265 | ||
| 020 |
_a8185502773 _c195.00 |
||
| 035 | _aEN-71798 | ||
| 037 | _bDBAD / PUB | ||
| 082 | 1 | 4 | _a616.0076 |
| 245 | 1 |
_aUSMLE step 2 classic presentations and rapid review for the USMLE, step 2/ _cby Theodore X. O'Connell ... [et al]; edited by Theodore X. O'Connell, Susan L. Taylor and Kurt E. Johnson |
|
| 260 |
_aNew Delhi _bAll India Publishers & Distributors _c2000 |
||
| 270 |
_a4380/4B, Ansari Road, Darya Ganj, _bNew Delhi _e110 002 |
||
| 300 |
_aix, 215p. _c28cm (pbk ) |
||
| 500 | _aIncludes index | ||
| 700 | _aO'Connell, Theodore X. | ||
| 700 | _aTaylor, Susan L. | ||
| 700 | _aHuerta, Sergio | ||
| 700 | _aJamali, Aamer H. | ||
| 942 |
_adpl _cEN _2ddc _h616.0076 _mUSM |
||